<?xml version="1.0" encoding="UTF-8"?>
<record
    xmlns:xsi="http://www.w3.org/2001/XMLSchema-instance"
    xsi:schemaLocation="http://www.loc.gov/MARC21/slim http://www.loc.gov/standards/marcxml/schema/MARC21slim.xsd"
    xmlns="http://www.loc.gov/MARC21/slim">

  <leader>00687nam a2200205Ia 4500</leader>
  <datafield tag="999" ind1=" " ind2=" ">
    <subfield code="c">34728</subfield>
    <subfield code="d">34728</subfield>
  </datafield>
  <controlfield tag="001">515</controlfield>
  <controlfield tag="003">GE_BSU</controlfield>
  <controlfield tag="005">20200122115329.0</controlfield>
  <controlfield tag="008">181216s2005||||ge |||||||||||||| ||geo||</controlfield>
  <datafield tag="020" ind1=" " ind2=" ">
    <subfield code="a">9994002317</subfield>
  </datafield>
  <datafield tag="040" ind1=" " ind2=" ">
    <subfield code="c">GE_BSU</subfield>
  </datafield>
  <datafield tag="041" ind1=" " ind2=" ">
    <subfield code="a">geo</subfield>
  </datafield>
  <datafield tag="080" ind1=" " ind2=" ">
    <subfield code="a">616-091  &#x10EE;-28</subfield>
  </datafield>
  <datafield tag="100" ind1=" " ind2=" ">
    <subfield code="a">&#x10EE;&#x10D0;&#x10E0;&#x10EB;&#x10D4;&#x10D8;&#x10E8;&#x10D5;&#x10D8;&#x10DA;&#x10D8;, &#x10DD;&#x10DB;&#x10D0;&#x10E0;</subfield>
    <subfield code="9">6311</subfield>
  </datafield>
  <datafield tag="245" ind1=" " ind2=" ">
    <subfield code="a">&#x10D9;&#x10DA;&#x10D8;&#x10DC;&#x10D8;&#x10D9;&#x10E3;&#x10E0;&#x10D8; &#x10DE;&#x10D0;&#x10D7;&#x10DD;&#x10DA;&#x10DD;&#x10D2;&#x10D8;&#x10E3;&#x10E0;&#x10D8; &#x10D0;&#x10DC;&#x10D0;&#x10E2;&#x10DD;&#x10DB;&#x10D8;&#x10D0; /</subfield>
    <subfield code="c">&#x10DD;&#x10DB;&#x10D0;&#x10E0; &#x10EE;&#x10D0;&#x10E0;&#x10EB;&#x10D4;&#x10D8;&#x10E8;&#x10D5;&#x10D8;&#x10DA;&#x10D8;. </subfield>
  </datafield>
  <datafield tag="264" ind1=" " ind2=" ">
    <subfield code="a">&#x10D7;&#x10D1;&#x10D8;&#x10DA;&#x10D8;&#x10E1;&#x10D8;,</subfield>
    <subfield code="c">2005.</subfield>
  </datafield>
  <datafield tag="300" ind1=" " ind2=" ">
    <subfield code="a">670 &#x10D2;&#x10D5;. ;</subfield>
    <subfield code="b">20 &#x10E1;&#x10DB;.</subfield>
  </datafield>
  <datafield tag="653" ind1=" " ind2=" ">
    <subfield code="a"> &#x10DE;&#x10D0;&#x10D7;&#x10DD;&#x10DA;&#x10DD;&#x10D2;&#x10D8;&#x10E3;&#x10E0;&#x10D8; &#x10D0;&#x10DC;&#x10D0;&#x10E2;&#x10DD;&#x10DB;&#x10D8;&#x10D0;</subfield>
  </datafield>
  <datafield tag="942" ind1=" " ind2=" ">
    <subfield code="c">BK</subfield>
    <subfield code="2">udc</subfield>
  </datafield>
  <datafield tag="952" ind1=" " ind2=" ">
    <subfield code="0">0</subfield>
    <subfield code="1">0</subfield>
    <subfield code="2">udc</subfield>
    <subfield code="4">0</subfield>
    <subfield code="6">616091_&#x10EE;28</subfield>
    <subfield code="7">0</subfield>
    <subfield code="9">32851</subfield>
    <subfield code="a">CPL</subfield>
    <subfield code="b">CPL</subfield>
    <subfield code="c">GEN</subfield>
    <subfield code="d">2018-12-17</subfield>
    <subfield code="g">40.00</subfield>
    <subfield code="o">616-091  &#x10EE;-28</subfield>
    <subfield code="p">82</subfield>
    <subfield code="r">2018-12-17</subfield>
    <subfield code="t">82</subfield>
    <subfield code="w">2018-12-17</subfield>
    <subfield code="y">BK</subfield>
    <subfield code="z">40 &#x10DA;.</subfield>
  </datafield>
  <datafield tag="952" ind1=" " ind2=" ">
    <subfield code="0">0</subfield>
    <subfield code="1">0</subfield>
    <subfield code="2">udc</subfield>
    <subfield code="4">0</subfield>
    <subfield code="6">616091_&#x10EE;28</subfield>
    <subfield code="7">0</subfield>
    <subfield code="9">32852</subfield>
    <subfield code="a">CPL</subfield>
    <subfield code="b">CPL</subfield>
    <subfield code="c">GEN</subfield>
    <subfield code="d">2018-12-17</subfield>
    <subfield code="g">40.00</subfield>
    <subfield code="o">616-091  &#x10EE;-28</subfield>
    <subfield code="p">83</subfield>
    <subfield code="r">2018-12-17</subfield>
    <subfield code="t">83</subfield>
    <subfield code="w">2018-12-17</subfield>
    <subfield code="y">BK</subfield>
    <subfield code="z">40 &#x10DA;.</subfield>
  </datafield>
  <datafield tag="952" ind1=" " ind2=" ">
    <subfield code="0">0</subfield>
    <subfield code="1">0</subfield>
    <subfield code="2">udc</subfield>
    <subfield code="4">0</subfield>
    <subfield code="6">616091_&#x10EE;28</subfield>
    <subfield code="7">0</subfield>
    <subfield code="9">32853</subfield>
    <subfield code="a">CPL</subfield>
    <subfield code="b">CPL</subfield>
    <subfield code="c">GEN</subfield>
    <subfield code="d">2018-12-17</subfield>
    <subfield code="g">40.00</subfield>
    <subfield code="o">616-091  &#x10EE;-28</subfield>
    <subfield code="p">84</subfield>
    <subfield code="r">2018-12-17</subfield>
    <subfield code="t">84</subfield>
    <subfield code="w">2018-12-17</subfield>
    <subfield code="y">BK</subfield>
    <subfield code="z">40 &#x10DA;.</subfield>
  </datafield>
  <datafield tag="952" ind1=" " ind2=" ">
    <subfield code="0">0</subfield>
    <subfield code="1">0</subfield>
    <subfield code="2">udc</subfield>
    <subfield code="4">0</subfield>
    <subfield code="6">616091_&#x10EE;28</subfield>
    <subfield code="7">0</subfield>
    <subfield code="9">32854</subfield>
    <subfield code="a">CPL</subfield>
    <subfield code="b">CPL</subfield>
    <subfield code="c">GEN</subfield>
    <subfield code="d">2018-12-17</subfield>
    <subfield code="g">40.00</subfield>
    <subfield code="o">616-091  &#x10EE;-28</subfield>
    <subfield code="p">85</subfield>
    <subfield code="r">2018-12-17</subfield>
    <subfield code="t">85</subfield>
    <subfield code="w">2018-12-17</subfield>
    <subfield code="y">BK</subfield>
    <subfield code="z">40 &#x10DA;.</subfield>
  </datafield>
  <datafield tag="952" ind1=" " ind2=" ">
    <subfield code="0">0</subfield>
    <subfield code="1">0</subfield>
    <subfield code="2">udc</subfield>
    <subfield code="4">0</subfield>
    <subfield code="6">616091_&#x10EE;28</subfield>
    <subfield code="7">0</subfield>
    <subfield code="9">32855</subfield>
    <subfield code="a">CPL</subfield>
    <subfield code="b">CPL</subfield>
    <subfield code="c">GEN</subfield>
    <subfield code="d">2018-12-17</subfield>
    <subfield code="g">40.00</subfield>
    <subfield code="o">616-091  &#x10EE;-28</subfield>
    <subfield code="p">86</subfield>
    <subfield code="r">2018-12-17</subfield>
    <subfield code="t">86</subfield>
    <subfield code="w">2018-12-17</subfield>
    <subfield code="y">BK</subfield>
    <subfield code="z">40 &#x10DA;.</subfield>
  </datafield>
  <datafield tag="952" ind1=" " ind2=" ">
    <subfield code="0">0</subfield>
    <subfield code="1">0</subfield>
    <subfield code="2">udc</subfield>
    <subfield code="4">0</subfield>
    <subfield code="6">616091_&#x10EE;28</subfield>
    <subfield code="7">0</subfield>
    <subfield code="9">32856</subfield>
    <subfield code="a">CPL</subfield>
    <subfield code="b">CPL</subfield>
    <subfield code="c">GEN</subfield>
    <subfield code="d">2018-12-17</subfield>
    <subfield code="g">40.00</subfield>
    <subfield code="o">616-091  &#x10EE;-28</subfield>
    <subfield code="p">87</subfield>
    <subfield code="r">2018-12-17</subfield>
    <subfield code="t">87</subfield>
    <subfield code="w">2018-12-17</subfield>
    <subfield code="y">BK</subfield>
    <subfield code="z">40 &#x10DA;.</subfield>
  </datafield>
  <datafield tag="952" ind1=" " ind2=" ">
    <subfield code="0">0</subfield>
    <subfield code="1">0</subfield>
    <subfield code="2">udc</subfield>
    <subfield code="4">0</subfield>
    <subfield code="6">616091_&#x10EE;28</subfield>
    <subfield code="7">0</subfield>
    <subfield code="9">32857</subfield>
    <subfield code="a">CPL</subfield>
    <subfield code="b">CPL</subfield>
    <subfield code="c">GEN</subfield>
    <subfield code="d">2018-12-17</subfield>
    <subfield code="g">40.00</subfield>
    <subfield code="o">616-091  &#x10EE;-28</subfield>
    <subfield code="p">88</subfield>
    <subfield code="r">2018-12-17</subfield>
    <subfield code="t">88</subfield>
    <subfield code="w">2018-12-17</subfield>
    <subfield code="y">BK</subfield>
    <subfield code="z">40 &#x10DA;.</subfield>
  </datafield>
  <datafield tag="952" ind1=" " ind2=" ">
    <subfield code="0">0</subfield>
    <subfield code="1">0</subfield>
    <subfield code="2">udc</subfield>
    <subfield code="4">0</subfield>
    <subfield code="6">616091_&#x10EE;28</subfield>
    <subfield code="7">0</subfield>
    <subfield code="9">32858</subfield>
    <subfield code="a">CPL</subfield>
    <subfield code="b">CPL</subfield>
    <subfield code="c">GEN</subfield>
    <subfield code="d">2018-12-17</subfield>
    <subfield code="g">40.00</subfield>
    <subfield code="o">616-091  &#x10EE;-28</subfield>
    <subfield code="p">89</subfield>
    <subfield code="r">2018-12-17</subfield>
    <subfield code="t">89</subfield>
    <subfield code="w">2018-12-17</subfield>
    <subfield code="y">BK</subfield>
    <subfield code="z">40 &#x10DA;.</subfield>
  </datafield>
  <datafield tag="952" ind1=" " ind2=" ">
    <subfield code="0">0</subfield>
    <subfield code="1">0</subfield>
    <subfield code="2">udc</subfield>
    <subfield code="4">0</subfield>
    <subfield code="6">616091_&#x10EE;28</subfield>
    <subfield code="7">0</subfield>
    <subfield code="9">32859</subfield>
    <subfield code="a">CPL</subfield>
    <subfield code="b">CPL</subfield>
    <subfield code="c">GEN</subfield>
    <subfield code="d">2018-12-17</subfield>
    <subfield code="g">40.00</subfield>
    <subfield code="o">616-091  &#x10EE;-28</subfield>
    <subfield code="p">90</subfield>
    <subfield code="r">2018-12-17</subfield>
    <subfield code="t">90</subfield>
    <subfield code="w">2018-12-17</subfield>
    <subfield code="y">BK</subfield>
    <subfield code="z">40 &#x10DA;.</subfield>
  </datafield>
  <datafield tag="952" ind1=" " ind2=" ">
    <subfield code="0">0</subfield>
    <subfield code="1">0</subfield>
    <subfield code="2">udc</subfield>
    <subfield code="4">0</subfield>
    <subfield code="6">616091_&#x10EE;28</subfield>
    <subfield code="7">0</subfield>
    <subfield code="9">32860</subfield>
    <subfield code="a">CPL</subfield>
    <subfield code="b">CPL</subfield>
    <subfield code="c">GEN</subfield>
    <subfield code="d">2018-12-17</subfield>
    <subfield code="g">40.00</subfield>
    <subfield code="o">616-091  &#x10EE;-28</subfield>
    <subfield code="p">91</subfield>
    <subfield code="r">2018-12-17</subfield>
    <subfield code="t">91</subfield>
    <subfield code="w">2018-12-17</subfield>
    <subfield code="y">BK</subfield>
    <subfield code="z">40 &#x10DA;.</subfield>
  </datafield>
</record>
